| 000 | 00405nam a22001457a 4500 | ||
|---|---|---|---|
| 020 | _a0830643141 | ||
| 082 | _a280 SCB | ||
| 100 |
_a Petruzzellis, Thomas _969302 |
||
| 245 | _aThe alarm, sensor & security circuit cookbook | ||
| 250 | _a1st ed | ||
| 260 |
_aBlue Ridge Summit, PA _bTAB Books _c1994 |
||
| 300 |
_a286 p _b xiv, ill. 25 cm |
||
| 650 |
_a Detectors | Electric alarms _969303 |
||
| 942 | _cBK | ||
| 999 |
_c576649 _d576649 |
||